00477nam a22001577a 4500003000500000005001700005008004100022010001000063011001000073035001000083040000900093100002900102245007300131500008300204650003200287CHAP20220329140946.0971013s r 00010 d a60443 a61415 a65579 cCHAP00aRzedowski Rotter, Jerzy.1 aNota sobre el bosque mesófilo de montaña en el Valle de México aSobretiro de: Anales de la Esc. Nac. de Ciencias Biológicas 18: 91-106, 197014aBosquesxValle de México.